000 00327nam a2200133Ia 4500
005 20251222155147.0
008 251222s9999||||xx |||||||||||||| ||spa||
082 _aNUT.23
100 _aKATBLEEN,Maban.
245 0 _aNutrición y Dietoterapia de KRAUSE
250 _a9na. ed.
264 _bMcGraw Hill Interam.
942 _cLIB
999 _c39423
_d39423